00305nam a2200133Ia 4500008004100000020001800041041000800059100001800067260002900085245001900114250000600133300000800139650002400147220805s9999 xx 000 0 und d a1-55166-807-6 aeng aO' Brien, Meg aCanadabMira booksc2001 aGathering Lies a1 a403 aPshchology suspense